000 00278nam a22001217a 4500
008 181030b xxu||||| |||| 00| 0 eng d
041 _aeng
080 _25 ed
_a341
100 _a26
101 _aENG
245 _aCases And Materials On Torts
_crEPSTEIN.p
942 _2udc
_cBK
999 _c51164
_d51164